000 00601nam a2200181Ia 4500
008 151018s9999 xx 000 0 und d
082 _bRBASDV16935
_a920
100 _aश्रीधर प्रधान
245 _aकसोटीचे क्षण
250 _b1
260 _bमनोरमा प्रकाशन मुंबई
_c1983
300 _a230
600 _aश्रीधर प्रधान
630 _aकसोटीचे क्षण
700 _aश्रीधर प्रधान
730 _aकसोटीचे क्षण
942 _cBOOK
999 _c1017621
_d1017618